000
00207 a2200109 4500
020
_a
9780517141663
041
_a
eng
100
_a
Rosemary Wadey
245
_a
50 Ways With Rice
942
_c
BK
952
_7
4
999
_c
17780
_d
17780